Statistics for U.S. History - Tile Select

Click here to take the quiz!

General Stats

  • This quiz has been taken 14 times
  • The average score is 46 of 64

Answer Stats

QuestionTileSelect% Correct
Which of these states was admitted to the United States after January 1, 1891?KansasNo
100%
Which of these famous Americans signed the Declaration of Independence?Paul RevereNo
100%
Which of these states was admitted to the United States after January 1, 1891?AlaskaYes
92%
Which of these were battles in the Civil War?BaltimoreNo
92%
Which of these Presidents also served in the military?Bill ClintonNo
92%
Which of these states was admitted to the United States after January 1, 1891?ColoradoNo
92%
Which of these Presidents also served in the military?Donald TrumpNo
92%
Which of these states was admitted to the United States after January 1, 1891?IdahoNo
92%
Which of these famous Americans signed the Declaration of Independence?John AdamsYes
92%
Which of these were battles in the Civil War?Long IslandNo
92%
Which of these were battles in the Civil War?PrincetonNo
92%
Which of these were battles in the Civil War?QuebecNo
92%
Which of these famous Americans signed the Declaration of Independence?Thomas JeffersonYes
92%
Which of these states was admitted to the United States after January 1, 1891?CaliforniaNo
85%
Which of these Presidents also served in the military?Franklin RooseveltNo
85%
Which of these states was admitted to the United States after January 1, 1891?MontanaNo
85%
Which of these states was admitted to the United States after January 1, 1891?NevadaNo
85%
Which of these were battles in the Civil War?VicksburgYes
85%
Which of these Presidents also served in the military?Warren HardingNo
85%
Which of these Presidents also served in the military?William TaftNo
85%
Which of these famous Americans signed the Declaration of Independence?Benjamin FranklinYes
77%
Which of these were battles in the Civil War?CamdenNo
77%
Which of these were battles in the Civil War?ChesapeakeNo
77%
Which of these were battles in the Civil War?CowpensNo
77%
Which of these famous Americans signed the Declaration of Independence?George MasonNo
77%
Which of these Presidents also served in the military?Grover ClevelandNo
77%
Which of these states was admitted to the United States after January 1, 1891?HawaiiYes
77%
Which of these Presidents also served in the military?Herbert HooverNo
77%
Which of these famous Americans signed the Declaration of Independence?John HancockYes
77%
Which of these Presidents also served in the military?John Quincy AdamsNo
77%
Which of these Presidents also served in the military?Martin Van BurenNo
77%
Which of these were battles in the Civil War?MonmouthNo
77%
Which of these famous Americans signed the Declaration of Independence?Nathan HaleNo
77%
Which of these were battles in the Civil War?SaratogaNo
77%
Which of these states was admitted to the United States after January 1, 1891?TexasNo
77%
Which of these were battles in the Civil War?TrentonNo
77%
Which of these famous Americans signed the Declaration of Independence?William PennNo
77%
Which of these Presidents also served in the military?Woodrow WilsonNo
77%
Which of these states was admitted to the United States after January 1, 1891?WyomingNo
77%
Which of these were battles in the Civil War?YorktownNo
77%
Which of these were battles in the Civil War?AntietamYes
69%
Which of these were battles in the Civil War?BrandywineNo
69%
Which of these Presidents also served in the military?Calvin CoolidgeNo
69%
Which of these states was admitted to the United States after January 1, 1891?New MexicoYes
69%
Which of these states was admitted to the United States after January 1, 1891?OregonNo
69%
Which of these were battles in the Civil War?ShilohYes
69%
Which of these Presidents also served in the military?Theodore RooseveltYes
69%
Which of these states was admitted to the United States after January 1, 1891?WashingtonNo
69%
Which of these Presidents also served in the military?Andrew JacksonYes
62%
Which of these states was admitted to the United States after January 1, 1891?ArizonaYes
62%
Which of these were battles in the Civil War?Bunker HillNo
62%
Which of these famous Americans signed the Declaration of Independence?George WashingtonNo
54%
Which of these famous Americans signed the Declaration of Independence?James MadisonNo
54%
Which of these famous Americans signed the Declaration of Independence?James MonroeNo
54%
Which of these famous Americans signed the Declaration of Independence?Patrick HenryNo
54%
Which of these famous Americans signed the Declaration of Independence?Alexander HamiltonNo
46%
Which of these Presidents also served in the military?William Henry HarrisonYes
46%
Which of these Presidents also served in the military?Benjamin HarrisonYes
38%
Which of these famous Americans signed the Declaration of Independence?Robert MorrisYes
38%
Which of these famous Americans signed the Declaration of Independence?Samuel AdamsYes
31%
Which of these Presidents also served in the military?William McKinleyYes
31%
Which of these states was admitted to the United States after January 1, 1891?UtahYes
15%
Which of these famous Americans signed the Declaration of Independence?Elbridge GerryYes
8%
Which of these states was admitted to the United States after January 1, 1891?OklahomaYes
8%

Score Distribution

Percentile by Number Answered

Percent of People with Each Score

Your Score History

You have not taken this quiz